जगदीशचंद्र बोस (Record no. 471607)

MARC details
000 -LEADER
fixed length control field 00547nam a2200157Ia 4500
008 - FIXED-LENGTH DATA ELEMENTS--GENERAL INFORMATION
fixed length control field 100204s9999 xx 000 0 und d
082 ## - DEWEY DECIMAL CLASSIFICATION NUMBER
Item number 26429
100 ## - MAIN ENTRY--PERSONAL NAME
Personal name बसु सचिंद्र्रनाथ
245 ## - TITLE STATEMENT
Title जगदीशचंद्र बोस
260 ## - PUBLICATION, DISTRIBUTION, ETC. (IMPRINT)
Name of publisher, distributor, etc नॅशनल बुक ट्रस्ट
Date of publication, distribution, etc 2004/3
300 ## - PHYSICAL DESCRIPTION
Extent 62
630 ## - SUBJECT ADDED ENTRY--UNIFORM TITLE
Uniform title जगदीशचंद्र बोस
700 ## - ADDED ENTRY--PERSONAL NAME
Personal name पाटील चंद्र्रकांत
730 ## - ADDED ENTRY--UNIFORM TITLE
Uniform title जगदीशचंद्र बोस
942 ## - ADDED ENTRY ELEMENTS (KOHA)
Koha item type Book
Holdings
Withdrawn status Lost status Damaged status Not for loan Home library Current library Date acquired Cost, normal purchase price Total Checkouts Full call number Barcode Date last seen Cost, replacement price Price effective from Koha item type
        N. C. Kelkar Sarvajanik Library, Mulund N. C. Kelkar Sarvajanik Library, Mulund 01/19/2005 20.00   26429 NCKMULUND-26429 02/04/2010 20.00 02/04/2010 Book